Treballs de repoblació : plantacions / Comissió de Repoblació Forestal de la Mancomunitat de Catalunya plantacions / Comissió de Repoblació Forestal de la Mancomunitat de Catalunya
Descripción Física:
12 p. ; 22 cm
Materias:
Repoblació forestal -- Catalunya
MARC
| LEADER | 00000nam a2200000Ia 4500 | ||
|---|---|---|---|
| 001 | 7996 | ||
| 008 | 160829s1921 xx 000 0 cat d | ||
| 080 | |a RF-5-47 | ||
| 100 | |a Catalunya. Comissió de Repoblació Forestal |9 27615 | ||
| 245 | |a Treballs de repoblació : |b plantacions / Comissió de Repoblació Forestal de la Mancomunitat de Catalunya | ||
| 260 | |a Barcelona : |b (Imp. de la Casa Caritat), |c 1921 | ||
| 300 | |a 12 p. ; |c 22 cm | ||
| 590 | |a Hi ha un duplicat: DUP-21-31 | ||
| 650 | |a Repoblació forestal |x Catalunya |9 29691 | ||
| 710 | 2 | |a Catalunya. |b Mancomunitat |9 53015 | |
| 856 | 4 | |u https://media.diba.cat/diba/fitxers/arxiu/fulletons/bib_7996_1921_baixa.pdf |y Accés lliure | |
| 856 | 4 | |u https://media.diba.cat/diba/fitxers/arxiu/fulletons/bib_7996_1921_baixa.pdf |y Accés lliure | |
| 901 | |a Arxiu | ||
| 942 | |n 1 |2 udc | ||
| 952 | |0 0 |1 0 |4 0 |6 RF547 |7 1 |9 44519 |a Arxiu |b Arxiu |d 2016-12-01 |l 0 |o RF-5-47 |p 7996 |r 2016-12-01 00:00:00 |w 2016-12-01 |y ARXIU | ||
| 999 | |c 47100 |d 47100 | ||
| 900 | |a bib_7996_1921_baixa.pdf | ||